| 000 | 00564nam a22001577a 4500 | ||
|---|---|---|---|
| 003 | OSt | ||
| 005 | 20151004085906.0 | ||
| 008 | 151004b xxu||||| |||| 00| 0 eng d | ||
| 040 | _cRUA | ||
| 082 | _aAVM សួង 1989 B065 Or.1 | ||
| 100 |
_91954 _aសួង វ៉ាន់ថេន |
||
| 245 | _aការត្រួតពិនិត្យអនាម័យសាច់ ចំពោះជម្ងឺចុង អង្ករ របស់សត្វជ្រូក | ||
| 260 |
_aPhnom Penh _bRUA _c1989 |
||
| 300 |
_a61p. _bill. _c29cm. |
||
| 942 |
_2ddc _cAVM |
||
| 999 |
_c1847 _d1847 |
||